000 00340nam a22001457a 4500
008 210301b ||||| |||| 00| 0 eng d
020 _a1556644108
041 _aeng
080 _22nd
_a610.73
082 _a610.73
100 _a1
101 _aINF
245 _aAcute & Chronics Wounds Nursing Management
_cBryant, R.A
942 _2udc
_cBK
999 _c55378
_d55378